| 000 | 03583cam a2200421 i 4500 | ||
|---|---|---|---|
| 999 |
_c32811 _d32811 |
||
| 001 | 10291 | ||
| 003 | CO-MdFUSB | ||
| 005 | 20190322144228.0 | ||
| 008 | 690619t19681967nyu b 001 0deng | ||
| 010 | _a68013844 | ||
| 020 | _a0860121992 | ||
| 040 |
_aDLC _bspa _cCO-MdFUSB _dOCL _dOCLCQ _dOCLCG _dNIALS _dEDX _dCFT _dOCLCA _dOCLCF _dOCLCQ _dMXL _dNJR _dOCLCO _dCNUTO _dOCLCQ _dOCLCA _erda |
||
| 041 | 1 |
_aeng _hger |
|
| 050 | 4 |
_aBX1746 _b.K813 1968 |
|
| 055 | 0 | 3 |
_aBX1746 _b.K813 1968 |
| 082 | 0 | 0 |
_a22 _2262.7 _bk96c |
| 100 | 1 |
_aKüng, Hans, _d1928- _tautor. |
|
| 240 | 1 | 0 |
_aKirche. _lInglés |
| 245 | 1 | 4 |
_aThe church _c/ Hans Küng ; traducido por Die Kirche |
| 264 | 1 |
_aNew York : _bBurns and Oates _c[1968] |
|
| 264 | 4 | _c©1967. | |
| 300 |
_axiv, 515 páginas ; _c22 cm. |
||
| 336 |
_atexto _btxt _2rdacontent. |
||
| 337 |
_asin mediación _bn _2rdamedia. |
||
| 338 |
_avolumen _bnc _2rdacarrier. |
||
| 505 | 0 | 0 | _aA. The church as it is -- 1. Historicity and the image of the church -- Essence and historical forms -- The development of the image of the church in church history -- The changing image of the church in the New Testament -- 2. Distortions of the image of the church -- The church as the object of admiration and criticism; the nature and "un-nature" of the church -- The church as the object of faith -- Visible and invisible. |
| 505 | 0 | 0 | _aB. The coming reign of God -- 1. The preaching of Jesus -- The appeal to the gospel of Jesus -- The gospel message of the reign of God -- 2. Foundation of a church? -- The nearness of the reign of God in Jesus -- Between already and not yet -- Jesus and the beginning of the church -- 3. The eschatological community of salvation -- The ekklesia as congregation, community, church -- Similarities and differences between church and reign of God -- In the service of the reign of God. |
| 505 | 0 | 0 | _aC. The fundamental structure of the church -- 1. The church as the people of God -- Beyond Judaism? -- From the ancient to the new people of God -- The church, the people of God today -- The church and the Jews -- 2. The church as the creation of the Spirit -- The new freedom -- The church of the Spirit -- The continuing charismatic structure -- The church and the enthusiasts -- 3. The church as the body of Christ -- Members through baptism -- United in the fellowship of the Lord's Supper -- The local community and the whole church as the body of Christ -- The church and the heretics. |
| 505 | 0 | 0 | _aD. The dimensions of the church -- 1. The church is one -- What is the true church? -- Unity in diversity -- Reunion of the churches -- 2. The church is catholic -- Catholicity in identity -- No salvation outside the church? -- 3. The church is holy -- Sinful and yet holy -- Forgiveness and renewal as continuing aspects of the life of the church -- 4. The church is apostolic -- Founded on the apostles -- Apostolicity and succession. |
| 505 | 0 | 0 | _aE. The offices of the church -- 1. The priesthood of all believers -- Christ as the only high priest and mediator -- The royal priesthood of all Christians -- 2. Ecclesiastical office as ministry -- Service as the imitation of Christ -- The diaconal structure -- The Petrine power and the Petrine ministry -- Epilogue. |
| 505 | 0 | 0 |
_tLa iglesia es esta. _tEl reino venidero de Dios. _tLa estructura fundamental de la iglesia. _tLas dimensiones de la iglesia. |
| 650 | 0 | _aChurch. | |
| 650 | 7 |
_aIglesia _9655 _eEclesiología _vFilosofía y teoría. |
|
| 650 | 7 |
_aChurch. _0(OCoLC)fst00860364. |
|
| 700 | 1 |
_aKirche, Die, _etraductor. |
|
| 942 | _cBK | ||